Tradiciones quiteñas : páginas de quiteñidad /

Bibliographic Details
Main Author: Noboa, Guillermo
Format: Book
Language:Spanish
Published: Quito : Editorial Benalcazar, [between 1900 and 1999]
Subjects:

MARC

Tag First Indicator Second Indicator Subfields
LEADER 00000cam a22000007i 4500
001 in00000027827
005 20151007054630.0
008 800108q19001979ec a 00010 spa d
035 |a (OCoLC)05852756 
035 |9 AAB5769AM 
040 |a MNX  |c MNX  |d m/c  |d TXA  |d UtOrBLW 
049 |a TXAM  |c [A11109539] 
050 4 |a GR133.E25  |b N6 1900z 
100 1 |a Noboa, Guillermo. 
245 1 0 |a Tradiciones quiteñas :  |b páginas de quiteñidad /  |c Guillermo Noboa. 
264 1 |a Quito :  |b Editorial Benalcazar,  |c [between 1900 and 1999] 
300 |a 276 pages :  |b illustrations ;  |c 21 cm. 
336 |a text  |b txt  |2 rdacontent 
337 |a unmediated  |b n  |2 rdamedia 
338 |a volume  |b nc  |2 rdacarrier 
650 0 |a Legends  |z Ecuador  |z Quito. 
999 |a MARS 
999 f f |s fdb9865d-045e-365e-9117-9f04ce202434  |i b61b7a51-968b-3053-ab4a-21bc04320a5d  |t 0 
952 f f |p ric  |a Texas A&M University  |b Rellis Campus  |c Joint Library Facility  |d Remote Storage  |t 0  |e GR133.E25 N6 1900z  |h Library of Congress classification  |i unmediated -- volume  |m A14811109539 
998 f f |a GR133.E25 N6 1900z  |t 0  |l Remote Storage